000 00763nam a2200169Ia 4500
008 090711s9999 xx 000 0 und d
082 _b78771
100 _aतुळपुळे ग. वि.
245 _aश्री अंबुराव महाराज यांSया आठवणी
260 _bश्री गुरु देव रानडे समाधी विश्वस्थ मंडळ
_c1990
300 _a120
600 _aतुळपुळे ग. वि.
630 _aश्री अंबुराव महाराज यांSया आठवणी
700 _aतुळपुळे ग. वि.
730 _aश्री अंबुराव महाराज यांSया आठवणी
942 _cBOOK
999 _c290717
_d290717